00458 aa a2200157 4500008004100000010001400041020001500055020001700070035001300087082001300100100001900113245009800132260004100230260000900271300002000280081021t xxu||||| |||| 00| 0 eng d aENG-84560 a8189000934 c1295.00 (hb) aEN-68093 a881.092  aColvin, Sidney aLife of John Keats:bhistory and poetry his friends critis and after fame /cby Sidney Colvin aNew DelhibVishvabharti Publications c2007 axxii,600pc22cm